Plagáty stredobodom festivalu Slovenské divadlo vo Francúzsku

Bibliographic Details
Main Author: Mistrík, Miloš, 1953- (Author)
Format: Article
Language:Slovak
PhysicalDescription:Obr. 1
Subjects:

MARC

LEADER 00000nab a2200000 a 4500
001 vtls000587431
003 SK-MaSNL
005 20260303011549.0
008 160202c1996 xo 0 slo
015 |a SNBRB19rr/mm-uuuuu 
035 |a CL0587570 
040 |a SNKBUCL  |b slo  |c SNKBUCL  |e AACR2 
041 0 |a slo 
044 |a xo  |c SK 
080 |a 766:659.133.1:061.4  |2 1981 
080 |a 792(437.6)  |2 1981 
100 1 |a Mistrík, Miloš,  |d 1953-  |4 aut  |9 103210 
245 1 0 |a Plagáty stredobodom festivalu  |b Slovenské divadlo vo Francúzsku  |c Miloš Mistrík 
300 |b Obr. 1 
650 0 7 |a plagát divadelný slovenský  |2 snkbucl  |9 947810 
655 7 |a články z novín a časopisov  |2 snkbucl  |9 267496 
773 0 |t Slovenská republika  |g Roč. 4, č. 140 (17. 6. 1996), s. 9 
850 |a Slovenská národná knižnica v Martine  |a MTA001 
852 |a SNK  |b KIS3GCP 
958 |a RK 
958 |a SK 
992 |a RBX 
999 |c 1592830  |d 1594760